[Event "Summer op"]
[Site "Winnipeg CAN"]
[Date "2000.07.22"]
[Round "3"]
[White "Trueman, Francis"]
[Black "Proulx, Roy"]
[Result "0-1"]
[WhiteElo "1506"]
[BlackElo "1679"]
[PlyCount "81"]
[GameId "2160767911703411"]
[EventDate "2000.07.??"]
[EventType "swiss"]
[EventRounds "5"]
[EventCountry "CAN"]
[SourceTitle "EXT 2005"]
[Source "ChessBase"]
[SourceDate "2004.11.15"]
[SourceVersion "1"]
[SourceVersionDate "2004.11.15"]
[SourceQuality "1"]

1. Nf3 d5 2. d3 Nf6 3. Nbd2 Nbd7 4. g3 e5 5. Bg2 Bd6 6. O-O O-O 7. Re1 c6 8. c3 h6 9. e4 Re8 10. Qe2 Rb8 11. Nf1 b5 12. b3 Ba6 13. Bb2 b4 14. cxb4 dxe4 15. Nh4 exd3 16. Qe3 Bxb4 17. Rec1 c5 18. a3 Ba5 19. b4 cxb4 20. axb4 Bb6 21. Qd2 Bb5 22. Nf5 Ng4 23. N1e3 Ndf6 24. h3 Nxe3 25. Nxe3 Nh5 26. Be4 Qg5 27. h4 Bxe3 28. Qxe3 Qxe3 29. fxe3 Nxg3 30. Bf3 e4 31. Bd1 Nf5 32. Rxa7 Nxe3 33. Rcc7 Rf8 34. Bb3 Be8 35. Bc3 Rd8 36. Bd2 Nd5 37. Rcb7 e3 38. Bxe3 Nxe3 39. Re7 Nf5 40. Re5 Nxh4 41. b5 0-1

[Event "Summer op"]
[Site "Winnipeg CAN"]
[Date "2000.07.22"]
[Round "3"]
[White "Vincent, Trevor"]
[Black "Xia, Yanchong"]
[Result "0-1"]
[WhiteElo "1083"]
[BlackElo "1781"]
[PlyCount "93"]
[GameId "2160767911703412"]
[EventDate "2000.07.??"]
[EventType "swiss"]
[EventRounds "5"]
[EventCountry "CAN"]
[SourceTitle "EXT 2005"]
[Source "ChessBase"]
[SourceDate "2004.11.15"]
[SourceVersion "1"]
[SourceVersionDate "2004.11.15"]
[SourceQuality "1"]

1. c4 e5 2. Nc3 g6 3. g3 Bg7 4. Bg2 Nc6 5. d3 d6 6. Nf3 Nge7 7. O-O O-O 8. Bg5 h6 9. Bd2 Be6 10. a3 Qd7 11. Be3 Bh3 12. Qd2 Bxg2 13. Kxg2 Nf5 14. Qc1 Ncd4 15. Bxd4 Nxd4 16. Nxd4 exd4 17. Ne4 Qe7 18. Re1 f5 19. Nd2 Rae8 20. Qc2 Qf7 21. Rac1 f4 22. Nf3 g5 23. Rf1 g4 24. Ng1 Qh5 25. Qd1 Re7 26. f3 fxg3 27. hxg3 Rfe8 28. Rf2 Re3 29. f4 Qf5 30. Qb3 h5 31. Qxb7 h4 32. gxh4 g3 33. Rff1 Qg4 34. Rce1 Qxh4 35. Nf3 Rxf3 36. Rh1 Rf2+ 37. Kg1 Qe7 38. Qd5+ Qe6 39. Qh5 Rxf4 40. Qh7+ Kf8 41. Rh5 Qe3+ 42. Kh1 Qf2 43. Rg1 Rxe2 44. Rh3 Qh2+ 45. Rxh2 Rxh2+ 46. Qxh2 gxh2 47. Kxh2 0-1

[Event "Summer op"]
[Site "Winnipeg CAN"]
[Date "2000.07.23"]
[Round "4"]
[White "Charter, Bennet"]
[Black "Mundwiler, Les"]
[Result "0-1"]
[WhiteElo "1739"]
[BlackElo "2027"]
[PlyCount "84"]
[GameId "2160767911703413"]
[EventDate "2000.07.??"]
[EventType "swiss"]
[EventRounds "5"]
[EventCountry "CAN"]
[SourceTitle "EXT 2005"]
[Source "ChessBase"]
[SourceDate "2004.11.15"]
[SourceVersion "1"]
[SourceVersionDate "2004.11.15"]
[SourceQuality "1"]

1. e4 e5 2. Nf3 Nc6 3. Bb5 a6 4. Ba4 Nf6 5. O-O Be7 6. Re1 b5 7. Bb3 d6 8. h3 Na5 9. Nc3 Nxb3 10. axb3 Bb7 11. d3 O-O 12. Bg5 h6 13. Bh4 g6 14. Qc1 Kg7 15. Ne2 c5 16. c4 Nd7 17. Bxe7 Qxe7 18. Ng3 h5 19. Qg5 Qxg5 20. Nxg5 Rfe8 21. Rec1 f6 22. Nf3 Kh6 23. Ra5 b4 24. Rca1 Nb8 25. R5a4 Nc6 26. Rc1 a5 27. Rca1 Bc8 28. Nf1 Bd7 29. R4a2 Rf8 30. Ne3 f5 31. Kf1 fxe4 32. dxe4 Bxh3 33. Rd1 Rxf3 34. gxh3 Nd4 35. Kg2 Raf8 36. Nf5+ gxf5 37. Rxd4 Rxf2+ 38. Kxf2 fxe4+ 39. Ke3 Rf3+ 40. Kxe4 Rf4+ 41. Kd5 Rxd4+ 42. Ke6 Kg5 0-1

[Event "Summer op"]
[Site "Winnipeg CAN"]
[Date "2000.07.23"]
[Round "4"]
[White "Khedkar, Jay S"]
[Black "Xia, Yanchong"]
[Result "0-1"]
[WhiteElo "2004"]
[BlackElo "1781"]
[PlyCount "51"]
[GameId "2160767911703414"]
[EventDate "2000.07.??"]
[EventType "swiss"]
[EventRounds "5"]
[EventCountry "CAN"]
[SourceTitle "EXT 2005"]
[Source "ChessBase"]
[SourceDate "2004.11.15"]
[SourceVersion "1"]
[SourceVersionDate "2004.11.15"]
[SourceQuality "1"]

1. e4 c5 2. Nf3 Nc6 3. d4 cxd4 4. Nxd4 Nf6 5. Nc3 e5 6. Ndb5 d6 7. Nd5 Nxd5 8. exd5 Nb8 9. c4 Be7 10. Be3 a6 11. Qa4 O-O 12. Qa3 f5 13. f3 Rf6 14. Rd1 Nd7 15. Bg5 Rg6 16. Be3 Bh4+ 17. g3 f4 18. Bf2 Be7 19. Bd3 Rh6 20. Ke2 Nf6 21. Nc3 Bd7 22. b4 Qc8 23. Qb3 Bf5 24. Bxf5 Qxf5 25. c5 e4 26. Rd4 0-1

[Event "Summer op"]
[Site "Winnipeg CAN"]
[Date "2000.07.23"]
[Round "4"]
[White "Lafreniere, Adrian"]
[Black "Medes, Bartek"]
[Result "1/2-1/2"]
[WhiteElo "1675"]
[BlackElo "1597"]
[PlyCount "83"]
[GameId "2160767911703415"]
[EventDate "2000.07.??"]
[EventType "swiss"]
[EventRounds "5"]
[EventCountry "CAN"]
[SourceTitle "EXT 2005"]
[Source "ChessBase"]
[SourceDate "2004.11.15"]
[SourceVersion "1"]
[SourceVersionDate "2004.11.15"]
[SourceQuality "1"]

1. d4 f5 2. c4 Nf6 3. g3 g6 4. Bg2 Bg7 5. Nh3 d6 6. O-O O-O 7. Nc3 e5 8. dxe5 dxe5 9. Qb3 Na6 10. Rd1 Qe7 11. Nd5 Nxd5 12. Bxd5+ Kh8 13. Bg5 Bf6 14. Bxf6+ Qxf6 15. Kg2 c6 16. Ng1 cxd5 17. cxd5 Nc5 18. Qc4 Qd6 19. b4 Nd7 20. Nf3 h6 21. Rac1 b6 22. Qc6 Qxc6 23. Rxc6 Kg7 24. Rdc1 g5 25. a3 g4 26. Nh4 Nf6 27. Rc7+ Nd7 28. Nxf5+ Rxf5 29. Rxc8 Rxc8 30. Rxc8 e4 31. Rc7 Rxd5 32. Rxa7 Kg6 33. a4 Kf5 34. h3 h5 35. hxg4+ hxg4 36. a5 bxa5 37. bxa5 Nf6 38. a6 Ra5 39. Ra8 Ke6 40. a7 Ke7 41. Kf1 Ra2 42. Ke1 1/2-1/2

[Event "Summer op"]
[Site "Winnipeg CAN"]
[Date "2000.07.23"]
[Round "4"]
[White "Proulx, Roy"]
[Black "Vincent, Trevor"]
[Result "1-0"]
[WhiteElo "1679"]
[BlackElo "1083"]
[PlyCount "81"]
[GameId "2160767911703416"]
[EventDate "2000.07.??"]
[EventType "swiss"]
[EventRounds "5"]
[EventCountry "CAN"]
[SourceTitle "EXT 2005"]
[Source "ChessBase"]
[SourceDate "2004.11.15"]
[SourceVersion "1"]
[SourceVersionDate "2004.11.15"]
[SourceQuality "1"]

1. e4 g6 2. Nc3 Bg7 3. d4 d6 4. Nf3 c6 5. Be3 Nd7 6. Bc4 Ngf6 7. Bb3 O-O 8. Qd2 Qc7 9. O-O-O a6 10. h4 h5 11. Ne1 c5 12. dxc5 Nxc5 13. f3 Nxb3+ 14. axb3 Be6 15. Nd3 Rac8 16. Nf4 Qa5 17. Kb1 Nd7 18. Bd4 Bh6 19. Be3 Bg7 20. Ncd5 Bxd5 21. Nxd5 Qxd2 22. Nxe7+ Kh8 23. Rxd2 Rce8 24. Bg5 Ne5 25. Nd5 Rc8 26. Be7 Rfe8 27. Bxd6 Rcd8 28. Bb4 Nc6 29. Bc3 Bxc3 30. bxc3 Re6 31. Rhd1 Red6 32. f4 Ne7 33. c4 b5 34. cxb5 axb5 35. Rd3 Nxd5 36. Rxd5 Rxd5 37. Rxd5 Rxd5 38. exd5 Kg8 39. Kb2 Kf8 40. c4 bxc4 41. bxc4 1-0

[Event "Summer op"]
[Site "Winnipeg CAN"]
[Date "2000.07.23"]
[Round "5"]
[White "Lafreniere, Adrian"]
[Black "Vincent, Trevor"]
[Result "0-1"]
[WhiteElo "1675"]
[BlackElo "1083"]
[PlyCount "56"]
[GameId "2160767911703417"]
[EventDate "2000.07.??"]
[EventType "swiss"]
[EventRounds "5"]
[EventCountry "CAN"]
[SourceTitle "EXT 2005"]
[Source "ChessBase"]
[SourceDate "2004.11.15"]
[SourceVersion "1"]
[SourceVersionDate "2004.11.15"]
[SourceQuality "1"]

1. d4 g6 2. e4 Bg7 3. c4 d6 4. Nc3 c6 5. Be3 Nd7 6. Bd3 Ngf6 7. f3 Qb6 8. Qd2 Qc7 9. Nge2 c5 10. d5 Ne5 11. O-O-O a6 12. Bh6 Nxd3+ 13. Kb1 Bxh6 14. Qxd3 Bg7 15. Rdg1 O-O 16. g4 Bd7 17. h4 Rab8 18. h5 b5 19. hxg6 fxg6 20. g5 Nh5 21. Ng3 bxc4 22. Qxc4 Qb6 23. b3 Nxg3 24. Rxg3 Qb4 25. Qxb4 cxb4 26. Nd1 Rbc8 27. a3 bxa3 28. Ka2 Rc1 0-1

[Event "Summer op"]
[Site "Winnipeg CAN"]
[Date "2000.07.23"]
[Round "5"]
[White "Mundwiler, Les"]
[Black "Trueman, Francis"]
[Result "1-0"]
[WhiteElo "2027"]
[BlackElo "1506"]
[PlyCount "37"]
[GameId "2160767911703418"]
[EventDate "2000.07.??"]
[EventType "swiss"]
[EventRounds "5"]
[EventCountry "CAN"]
[SourceTitle "EXT 2005"]
[Source "ChessBase"]
[SourceDate "2004.11.15"]
[SourceVersion "1"]
[SourceVersionDate "2004.11.15"]
[SourceQuality "1"]

1. d4 d5 2. c4 e6 3. Nf3 Nf6 4. g3 c6 5. b3 Be7 6. Bg2 O-O 7. O-O Nbd7 8. Bb2 Qc7 9. cxd5 exd5 10. Nc3 b6 11. Rc1 Re8 12. Re1 Ba6 13. e4 dxe4 14. Nxe4 Bb4 15. Nxf6+ Nxf6 16. Rxe8+ Rxe8 17. Ne5 c5 18. a3 Ba5 19. b4 1-0

[Event "Summer op"]
[Site "Winnipeg CAN"]
[Date "2000.07.23"]
[Round "5"]
[White "Proulx, Roy"]
[Black "Khedkar, Jay S"]
[Result "0-1"]
[WhiteElo "1679"]
[BlackElo "2004"]
[PlyCount "48"]
[GameId "2160767911703419"]
[EventDate "2000.07.??"]
[EventType "swiss"]
[EventRounds "5"]
[EventCountry "CAN"]
[SourceTitle "EXT 2005"]
[Source "ChessBase"]
[SourceDate "2004.11.15"]
[SourceVersion "1"]
[SourceVersionDate "2004.11.15"]
[SourceQuality "1"]

1. e4 c5 2. Nf3 Nc6 3. d4 cxd4 4. Nxd4 Nf6 5. Nc3 d6 6. Be2 e6 7. g4 Be7 8. g5 Nd7 9. f4 Nc5 10. Nxc6 bxc6 11. Qd4 e5 12. fxe5 Ne6 13. Qg1 dxe5 14. h4 Nd4 15. Bd1 Rb8 16. Rh2 Be6 17. Qg3 O-O 18. h5 f5 19. g6 h6 20. Bxh6 gxh6 21. g7 Rf7 22. Qg2 Bh4+ 23. Rxh4 Qxh4+ 24. Kd2 Qf4+ 0-1

[Event "Summer op"]
[Site "Winnipeg CAN"]
[Date "2000.07.23"]
[Round "5"]
[White "Xia, Yanchong"]
[Black "Charter, Bennet"]
[Result "1/2-1/2"]
[WhiteElo "1781"]
[BlackElo "1739"]
[PlyCount "28"]
[GameId "2160767911703420"]
[EventDate "2000.07.??"]
[EventType "swiss"]
[EventRounds "5"]
[EventCountry "CAN"]
[SourceTitle "EXT 2005"]
[Source "ChessBase"]
[SourceDate "2004.11.15"]
[SourceVersion "1"]
[SourceVersionDate "2004.11.15"]
[SourceQuality "1"]

1. e4 c5 2. Nf3 Nc6 3. d4 cxd4 4. Nxd4 g6 5. Nc3 Bg7 6. Be3 Nf6 7. f3 O-O 8. Bc4 Qb6 9. Bb3 Nxe4 10. Nd5 Qa5+ 11. c3 Nc5 12. Nxc6 dxc6 13. Nxe7+ Kh8 14. Nxc8 Raxc8 1/2-1/2

[Event "Thanksgiving op"]
[Site "Toronto CAN"]
[Date "2000.10.07"]
[Round "1"]
[White "Cohen, David"]
[Black "Nagy, Julius"]
[Result "1-0"]
[WhiteElo "1978"]
[BlackElo "1796"]
[PlyCount "93"]
[GameId "2160767911644089"]
[EventDate "2000.10.07"]
[EventType "swiss"]
[EventRounds "6"]
[EventCountry "CAN"]

1. e4 c5 2. Nf3 e6 3. d4 cxd4 4. Nxd4 Nc6 5. Be3 Nf6 6. Bd3 a6 7. O-O Be7 8. c4 Ne5 9. Nc3 Nxd3 10. Qxd3 Ng4 11. Bd2 Ne5 12. Qe2 O-O 13. a3 Ng6 14. b4 d6 15. Be3 Bd7 16. Rfd1 Qc7 17. Rac1 Qb8 18. Nb3 Be8 19. Qd2 b5 20. cxb5 axb5 21. Na5 Ne5 22. Nb1 Ng4 23. h3 Nxe3 24. Qxe3 Bd7 25. Nc6 Bxc6 26. Rxc6 Ra7 27. Rdc1 g6 28. Qc3 Rb7 29. Nd2 e5 30. Nb3 Bg5 31. Rd1 Be7 32. Na5 Rb6 33. Rc7 Re8 34. Rd7 Bf8 35. Rc7 h5 36. Rc1 Kg7 37. Qb3 Re7 38. Rc8 Qa7 39. Nc6 Rxc6 40. R1xc6 Qb7 41. Qd5 Rd7 42. Qb3 Qa7 43. Qc3 Qb7 44. Re8 Re7 45. Rxe7 Qxe7 46. Rc7 Qe6 47. Qd3 1-0

[Event "Thanksgiving op"]
[Site "Toronto CAN"]
[Date "2000.10.07"]
[Round "1"]
[White "Dougherty, Michael"]
[Black "Ferguson, Jim"]
[Result "0-1"]
[WhiteElo "2330"]
[BlackElo "2207"]
[PlyCount "114"]
[GameId "2160767911644090"]
[EventDate "2000.10.07"]
[EventType "swiss"]
[EventRounds "6"]
[EventCountry "CAN"]
[SourceTitle "EXT 2022"]
[Source "ChessBase"]
[SourceDate "2021.10.06"]
[SourceVersion "1"]
[SourceVersionDate "2021.10.06"]
[SourceQuality "1"]

1. d4 Nf6 2. Nf3 g6 3. Nc3 d5 4. Bf4 Bg7 5. e3 O-O 6. Be2 c5 7. Ne5 Qb6 8. Na4 Qa5+ 9. c3 Nfd7 10. Nxd7 Nxd7 11. dxc5 Nxc5 12. Qxd5 Qxa4 13. Qxc5 Qc2 14. Bf3 b6 15. Qb4 Ba6 16. Qb3 Qf5 17. Bxa8 Rxa8 18. O-O-O e6 19. Rd2 Rc8 20. Rhd1 Bf6 21. Qa4 Bc4 22. Qd7 Rd8 23. Qc7 Rxd2 24. Rxd2 Bxa2 25. Kd1 g5 26. Bg3 b5 27. e4 Qxe4 28. f3 Qb1+ 29. Ke2 Bc4+ 30. Ke3 Qg1+ 31. Bf2 Qxg2 32. Qxa7 Qxh2 33. Qa8+ Kg7 34. Qe4 Bd5 35. Rxd5 exd5 36. Qxd5 Qf4+ 37. Ke2 Qe5+ 38. Qxe5 Bxe5 39. Kd3 h5 40. Ke4 Bf4 41. Kf5 Bd2 42. Bd4+ Kh6 43. b3 h4 44. Kg4 f5+ 45. Kh3 Kh5 46. c4 bxc4 47. bxc4 g4+ 48. Kg2 h3+ 49. Kg3 Bf4+ 50. Kf2 g3+ 51. Kg1 Kg5 52. c5 Bc7 53. Be3+ f4 54. Bd4 Kf5 55. Kf1 Ke6 56. Bg7 Kd5 57. Bf8 Be5 0-1

[Event "Thanksgiving op"]
[Site "Toronto CAN"]
[Date "2000.10.07"]
[Round "1"]
[White "Surlan, Dan"]
[Black "Teodoro, Eduardo"]
[Result "1-0"]
[WhiteElo "2212"]
[BlackElo "2433"]
[PlyCount "77"]
[GameId "2160767911644091"]
[EventDate "2000.10.07"]
[EventType "swiss"]
[EventRounds "6"]
[EventCountry "CAN"]
[SourceTitle "EXT 2022"]
[Source "ChessBase"]
[SourceDate "2021.10.06"]
[SourceVersion "1"]
[SourceVersionDate "2021.10.06"]
[SourceQuality "1"]

1. c4 e5 2. Nc3 Nf6 3. g3 c6 4. d4 exd4 5. Qxd4 Be7 6. Bg2 O-O 7. e4 Na6 8. Nge2 Bc5 9. Qd1 d5 10. cxd5 cxd5 11. O-O d4 12. Nd5 Nxd5 13. exd5 Qf6 14. Nf4 Bf5 15. a3 Rac8 16. b4 Bb6 17. Ra2 Nb8 18. Rd2 Nd7 19. Bb2 Rc4 20. Nh5 Qg6 21. Nf4 Qf6 22. Nh5 Qh6 23. g4 Bg6 24. Bxd4 Bxh5 25. gxh5 Bc7 26. Qe2 Qf4 27. Rfd1 b5 28. Kf1 Bd6 29. h3 a5 30. bxa5 Ra8 31. a4 Rxa5 32. axb5 Raa4 33. Qg4 Qxg4 34. hxg4 Rcb4 35. g5 Rxb5 36. Rc2 Rb8 37. Rc6 Bf4 38. g6 hxg6 39. hxg6 1-0

[Event "Thanksgiving op"]
[Site "Toronto CAN"]
[Date "2000.10.07"]
[Round "2"]
[White "Brice, Ron"]
[Black "Bluvshtein, Mark"]
[Result "0-1"]
[WhiteElo "2121"]
[BlackElo "2240"]
[PlyCount "68"]
[GameId "2160767911644093"]
[EventDate "2000.10.07"]
[EventType "swiss"]
[EventRounds "6"]
[EventCountry "CAN"]
[SourceTitle "EXT 2022"]
[Source "ChessBase"]
[SourceDate "2021.10.06"]
[SourceVersion "1"]
[SourceVersionDate "2021.10.06"]
[SourceQuality "1"]

1. c4 Nf6 2. g3 c6 3. Bg2 d5 4. Nf3 Bf5 5. b3 e6 6. O-O Nbd7 7. Bb2 Be7 8. d3 O-O 9. Nh4 Bg6 10. Nxg6 hxg6 11. Nd2 a5 12. a3 Qb6 13. Qc2 Rfd8 14. h3 Nh5 15. Kh2 Bf6 16. Rab1 Bxb2 17. Qxb2 Nhf6 18. b4 axb4 19. axb4 Ra4 20. b5 c5 21. Ra1 Rda8 22. Rxa4 Rxa4 23. Ra1 Qa5 24. Rxa4 Qxa4 25. d4 dxc4 26. Bxb7 cxd4 27. Bc6 c3 28. Qb3 Qa1 29. Nb1 Nc5 30. Qc2 Nd5 31. Bxd5 exd5 32. Qd1 Qa2 33. Qxd4 c2 34. Nc3 Qa1 0-1

[Event "Thanksgiving op"]
[Site "Toronto CAN"]
[Date "2000.10.07"]
[Round "2"]
[White "Rolfe, Warrick"]
[Black "Dougherty, Michael"]
[Result "0-1"]
[WhiteElo "2150"]
[BlackElo "2330"]
[PlyCount "66"]
[GameId "2160767911644096"]
[EventDate "2000.10.07"]
[EventType "swiss"]
[EventRounds "6"]
[EventCountry "CAN"]
[SourceTitle "EXT 2022"]
[Source "ChessBase"]
[SourceDate "2021.10.06"]
[SourceVersion "1"]
[SourceVersionDate "2021.10.06"]
[SourceQuality "1"]

1. e4 e5 2. Bc4 Nf6 3. d3 Bc5 4. Nc3 d6 5. f4 exf4 6. Bxf4 Be6 7. Bxe6 fxe6 8. d4 Bb4 9. Qd3 O-O 10. Nge2 Nc6 11. O-O-O Qe8 12. Bg3 Kh8 13. Rhf1 e5 14. d5 Ne7 15. Bh4 Nd7 16. Qh3 Ng6 17. Bg5 Nc5 18. g3 b5 19. Qg4 Bxc3 20. Nxc3 b4 21. Rxf8+ Nxf8 22. Nb1 Qg6 23. Nd2 h6 24. h4 hxg5 25. h5 Qf6 26. Rf1 Qe7 27. Rf5 Nh7 28. Nc4 Rf8 29. Ne3 Rxf5 30. Nxf5 Qf7 31. a3 bxa3 32. bxa3 Nf6 33. Qxg5 Ncxe4 0-1

[Event "Thanksgiving op"]
[Site "Toronto CAN"]
[Date "2000.10.07"]
[Round "2"]
[White "Teodoro, Eduardo"]
[Black "Chatzilias, Alexis"]
[Result "1-0"]
[WhiteElo "2433"]
[BlackElo "2227"]
[PlyCount "94"]
[GameId "2160767911644097"]
[EventDate "2000.10.07"]
[EventType "swiss"]
[EventRounds "6"]
[EventCountry "CAN"]
[SourceTitle "EXT 2022"]
[Source "ChessBase"]
[SourceDate "2021.10.06"]
[SourceVersion "1"]
[SourceVersionDate "2021.10.06"]
[SourceQuality "1"]

1. e4 c5 2. Nf3 Nc6 3. d4 cxd4 4. Nxd4 e6 5. Nc3 Qc7 6. Be3 a6 7. Be2 Nf6 8. O-O d6 9. Kh1 Be7 10. a4 O-O 11. f4 Re8 12. Bf3 Bd7 13. Qe1 Nxd4 14. Bxd4 e5 15. Be3 exf4 16. Bxf4 Be6 17. Qg3 Nd7 18. Bg4 Ne5 19. Bxe5 dxe5 20. Qh3 Bb4 21. Nd5 Bxd5 22. exd5 Rad8 23. c3 Bf8 24. Rad1 Rd6 25. Bf5 Rh6 26. Qg3 Bd6 27. h3 e4 28. Qg4 Qe7 29. g3 e3 30. Rf3 Rf6 31. Bd3 Rxf3 32. Qxf3 Qg5 33. Be2 Qxg3 34. Qxg3 Bxg3 35. d6 Rd8 36. d7 f5 37. Kg2 Bc7 38. Kf3 f4 39. Bd3 g6 40. Be4 b6 41. b4 Kf8 42. Bc6 Ke7 43. c4 g5 44. Rd4 Kf8 45. Re4 Kf7 46. Bd5+ Kf6 47. Re8 Kg7 1-0

[Event "Thanksgiving op"]
[Site "Toronto CAN"]
[Date "2000.10.08"]
[Round "3"]
[White "Cohen, David"]
[Black "McMillan, Andrew"]
[Result "1-0"]
[WhiteElo "1978"]
[BlackElo "2062"]
[PlyCount "74"]
[GameId "2160767740584168"]
[EventDate "2000.10.07"]
[EventType "swiss"]
[EventRounds "6"]
[EventCountry "CAN"]

1. e4 c5 2. Nf3 d6 3. d4 cxd4 4. Nxd4 Nf6 5. Nc3 a6 6. Bg5 e6 7. Be2 Be7 8. Qd2 Nbd7 9. O-O Qc7 10. Kh1 b6 11. f4 O-O 12. f5 e5 13. Nb3 Bb7 14. Bf3 Rac8 15. Rac1 Qd8 16. Rfd1 Rc7 17. Be3 Rxc3 18. Qxc3 Nxe4 19. Qc4 b5 20. Qe2 Ndf6 21. Nd2 Qa8 22. Nxe4 Nxe4 23. c4 b4 24. Bb6 Nf6 25. Bxb7 Qxb7 26. Bf2 Nd7 27. b3 Rc8 28. Rd3 Qc6 29. Rcd1 Nf6 30. Bh4 Rd8 31. Bxf6 Bxf6 32. Qd2 Be7 33. Qxb4 Qe4 34. Rf3 Qe2 35. Qd2 Qe4 36. Re1 Qg4 37. Qd3 Qh5 {Black loses on time} 1-0

[Event "Thanksgiving op"]
[Site "Toronto CAN"]
[Date "2000.10.08"]
[Round "3"]
[White "Dougherty, Michael"]
[Black "Voloaca, Mihnea"]
[Result "1-0"]
[WhiteElo "2330"]
[BlackElo "2231"]
[PlyCount "57"]
[GameId "2160767911644098"]
[EventDate "2000.10.07"]
[EventType "swiss"]
[EventRounds "6"]
[EventCountry "CAN"]
[SourceTitle "EXT 2022"]
[Source "ChessBase"]
[SourceDate "2021.10.06"]
[SourceVersion "1"]
[SourceVersionDate "2021.10.06"]
[SourceQuality "1"]

1. e4 c6 2. d4 d5 3. e5 Bf5 4. Nf3 e6 5. Be2 Nd7 6. O-O Qb6 7. c4 dxc4 8. Nbd2 Qc7 9. Nxc4 Nb6 10. Nfd2 Bg6 11. f4 h5 12. Nxb6 axb6 13. Nc4 Rd8 14. f5 Bxf5 15. Bf4 h4 16. Qb3 b5 17. Nd6+ Rxd6 18. exd6 Bxd6 19. Bxd6 Qxd6 20. d5 Nf6 21. dxc6 Qd4+ 22. Kh1 bxc6 23. Rad1 Qa7 24. Qb4 Ne4 25. Rd4 Nf6 26. Bf3 c5 27. Qxb5+ Ke7 28. Ra4 Qc7 29. Bc6 1-0

[Event "Thanksgiving op"]
[Site "Toronto CAN"]
[Date "2000.10.08"]
[Round "3"]
[White "Gurevich, Artjom"]
[Black "Ferguson, Jim"]
[Result "1-0"]
[WhiteElo "2271"]
[BlackElo "2207"]
[PlyCount "53"]
[GameId "2160767911644099"]
[EventDate "2000.10.07"]
[EventType "swiss"]
[EventRounds "6"]
[EventCountry "CAN"]
[SourceTitle "EXT 2022"]
[Source "ChessBase"]
[SourceDate "2021.10.06"]
[SourceVersion "1"]
[SourceVersionDate "2021.10.06"]
[SourceQuality "1"]

1. d4 Nf6 2. c4 g6 3. Nc3 Bg7 4. Nf3 O-O 5. g3 d6 6. Bg2 Nbd7 7. O-O e5 8. h3 c6 9. e4 Qb6 10. c5 dxc5 11. dxe5 Ne8 12. e6 fxe6 13. Ng5 Ne5 14. h4 h6 15. Nh3 Nf6 16. Na4 Qb5 17. Nf4 g5 18. hxg5 hxg5 19. Nc3 Qa5 20. Nh5 Nxh5 21. Qxh5 g4 22. Bf4 Nd3 23. Bd6 Rf7 24. e5 c4 25. Be4 Rf5 26. Qe8+ Kh7 27. Kg2 1-0

[Event "Thanksgiving op"]
[Site "Toronto CAN"]
[Date "2000.10.08"]
[Round "4"]
[White "Frilles, Ruperto"]
[Black "Cohen, David"]
[Result "1-0"]
[WhiteElo "2066"]
[BlackElo "1978"]
[PlyCount "103"]
[GameId "2160767911644101"]
[EventDate "2000.10.07"]
[EventType "swiss"]
[EventRounds "6"]
[EventCountry "CAN"]

1. c4 e5 2. Nc3 Nf6 3. e4 Nc6 4. d3 Bc5 5. h3 d6 6. Nf3 Be6 7. Be2 Qd7 8. Bd2 Nd4 9. Nxd4 Bxd4 10. Nb5 Bb6 11. a4 c6 12. Na3 O-O 13. Nc2 Ne8 14. a5 Bc7 15. Ne3 Nf6 16. g4 Rfd8 17. Bf3 Rac8 18. g5 Ne8 19. Bg4 Bxg4 20. hxg4 g6 21. Qf3 Qe7 22. Qh3 f6 23. gxf6 Nxf6 24. Qg2 Rd7 25. Ke2 Rcd8 26. Ra3 d5 27. cxd5 cxd5 28. g5 Nh5 29. Nxd5 Rxd5 30. exd5 Nf4+ 31. Bxf4 exf4+ 32. Qe4 f3+ 33. Kxf3 Qf7+ 34. Kg2 Rxd5 35. Rh4 Rxg5+ 36. Rg4 Rf5 37. Qe2 Bxa5 38. d4 Bb6 39. Re3 Qd5+ 40. f3 Rf7 41. Re5 Qd6 42. Re6 Qd5 43. Re8+ Kg7 44. Re7 Bxd4 45. Rxf7+ Kxf7 46. Qd3 Qe5 47. Rxd4 Qg5+ 48. Rg4 Qe7 49. Qd5+ Kg7 50. Re4 Qf8 51. Qxb7+ Kg8 52. Qd7 1-0

[Event "Thanksgiving op"]
[Site "Toronto CAN"]
[Date "2000.10.09"]
[Round "4"]
[White "Gurevich, Artjom"]
[Black "Bluvshtein, Mark"]
[Result "1/2-1/2"]
[WhiteElo "2271"]
[BlackElo "2240"]
[PlyCount "25"]
[GameId "2160767911644102"]
[EventDate "2000.10.07"]
[EventType "swiss"]
[EventRounds "6"]
[EventCountry "CAN"]
[SourceTitle "EXT 2022"]
[Source "ChessBase"]
[SourceDate "2021.10.06"]
[SourceVersion "1"]
[SourceVersionDate "2021.10.06"]
[SourceQuality "1"]

1. d4 Nf6 2. c4 e6 3. g3 d5 4. Bg2 dxc4 5. Nf3 Bd7 6. Qc2 Bc6 7. Qxc4 Bd5 8. Qa4+ Qd7 9. Qxd7+ Nbxd7 10. Nc3 Bb4 11. O-O Bxc3 12. bxc3 Ne4 13. Bb2 1/2-1/2

[Event "Thanksgiving op"]
[Site "Toronto CAN"]
[Date "2000.10.09"]
[Round "5"]
[White "Surlan, Dan"]
[Black "Dougherty, Michael"]
[Result "0-1"]
[WhiteElo "2212"]
[BlackElo "2330"]
[PlyCount "50"]
[GameId "2160767911644105"]
[EventDate "2000.10.07"]
[EventType "swiss"]
[EventRounds "6"]
[EventCountry "CAN"]
[SourceTitle "EXT 2022"]
[Source "ChessBase"]
[SourceDate "2021.10.06"]
[SourceVersion "1"]
[SourceVersionDate "2021.10.06"]
[SourceQuality "1"]

1. c4 g6 2. Nc3 Bg7 3. g3 c5 4. Bg2 Nc6 5. e3 d6 6. Nge2 e5 7. O-O Nge7 8. a3 Bg4 9. Rb1 Qd7 10. b4 Rb8 11. d3 O-O 12. Qc2 b6 13. Bd2 Bh3 14. Rfd1 Bxg2 15. Kxg2 cxb4 16. axb4 d5 17. b5 d4 18. Na2 Nd8 19. exd4 exd4 20. Nb4 Ne6 21. Nf4 Rbc8 22. Re1 Rc5 23. Nbd5 Nxd5 24. Nxd5 Qxd5+ 25. Kg1 Qf3 0-1

[Event "Thanksgiving op"]
[Site "Toronto CAN"]
[Date "2000.10.09"]
[Round "5"]
[White "Zlobec, Srdjan"]
[Black "Teodoro, Eduardo"]
[Result "0-1"]
[WhiteElo "2171"]
[BlackElo "2433"]
[PlyCount "54"]
[GameId "2160767911644106"]
[EventDate "2000.10.07"]
[EventType "swiss"]
[EventRounds "6"]
[EventCountry "CAN"]
[SourceTitle "EXT 2022"]
[Source "ChessBase"]
[SourceDate "2021.10.06"]
[SourceVersion "1"]
[SourceVersionDate "2021.10.06"]
[SourceQuality "1"]

1. d4 Nf6 2. Nf3 g6 3. c4 c5 4. d5 d6 5. Nc3 e6 6. e4 exd5 7. cxd5 a6 8. a4 Bg7 9. Bd3 Bg4 10. h3 Bxf3 11. Qxf3 O-O 12. O-O Nbd7 13. Bf4 Qe7 14. Rfe1 Nh5 15. Bh2 Ne5 16. Bxe5 Bxe5 17. Ra3 Rac8 18. a5 c4 19. Bc2 f5 20. Na4 fxe4 21. Qxe4 Rf4 22. Qe2 Rcf8 23. Re3 Rxf2 24. Qxc4 Qg5 25. g4 Bh2+ 26. Kh1 Ng3+ 27. Rxg3 Bxg3 0-1